LEADER 01566nam a2200325 i 4500 001 000000150852 003 CaOOAMICUS 005 20060614000000.0 008 060614s2006 it u000 u ita u 013 $a128190 020 $a88-7229-307-3 040 $aSeMil$bita 100 1 $aLazzarotto, Angelo S. <1925- ; PIME>.$0(OLS)http://semarc/name/16337 245 10$aPolitica religiosa in Cina :$bcontradditoria ricerca di una "società armoniosa" /$cAngelo S. Lazzarotto ; prefazione di Giulio Andreotti. 260 $aMorena (Roma) :$bOCD,$c2006. 260 $aSeregno (MI) :$bCollegio Ballerini,$c2006. 300 $a185 p. ;$c21 cm. 490 0 $aQuaderni Balleriniani ;$v23 650 4$aCina - Religione.$0(OLS)http://semarc/subject/4911 650 4$aCina - Cristianesimo.$0(OLS)http://semarc/subject/11684 700 1 $aAndreotti, Giulio,$d<1919-2013>.$0(OLS)http://semarc/name/8188 774 0 $tPiccolo dizionario (gastronomico) di personaggi famosi.$w()304989 830 0$aQuaderni Balleriniani ;$v23.$0(OLS)http://semarc/title/412 850 $aSeMil 852 $aSeMil$W1$xVenegono$y1$m3J III 253$j102913$B102913$CSeMilBibl$Z2$F111861 $81 961 $aOmaggio: Casa editrice 996 $6020$a88-7229-307-3$9(OLS)http://semarc/number/140313 996 $6245$aPolitica religiosa in Cina :$bcontradditoria ricerca di una "società armoniosa"$9(OLS)http://semarc/title/220493 996 $6260$aSeregno (MI) :$bCollegio Ballerini$9(OLS)http://semarc/publisher/31716 996 $6260$aMorena (Roma) :$bOCD$9(OLS)http://semarc/publisher/31717 LEADER 01325nam a2200265 i 4500 001 000000231127 003 CaOOAMICUS 005 20140710000000.0 008 140710s1968 it u000 u fre u 013 $a210030 040 $aSeMil$bita 100 1 $aDodd, Charles Harold,$d<1884-1973>.$0(OLS)http://semarc/name/4431 245 10$aConformément aux écritures :$bl'infrastructure de la théologie du Nouveau Testament /$cC.-H. Dodd ; Traduit de l'anglais par Robert Guého et Jacques Trublet ; Préface de Xavier Léon-Dufour. According to the Scriptures. 260 $aParis :$bÉditions du Seuil,$ccopyr. 1968. 300 $a145 p. ;$c21 cm. 490 0 $aParole de Dieu 500 $aContiene : Références bibliques. 700 1 $aTrublet, Jacques.$0(OLS)http://semarc/name/25849 700 1 $aGuého, Robert.$0(OLS)http://semarc/name/79554 700 1 $aLéon-Dufour, Xavier,$c.$0(OLS)http://semarc/name/986 830 0$aParole de Dieu.$0(OLS)http://semarc/title/8536 850 $aSeMil 852 $aSeMil$W1$xVenegono$y1$m2Z II 91$j181473$B181473$CSeMilBibl$Z2$F192308 $81 996 $6245$aConformément aux écritures :$bl'infrastructure de la théologie du Nouveau Testament$9(OLS)http://semarc/title/330110 996 $6260$aParis :$bÉditions du Seuil$9(OLS)http://semarc/publisher/29806